KOHA-Header-6

Cost Accounting (Record no. 9808)

000 -LEADER
fixed length control field 00248nam a2200109Ia 4500
100 ## - MAIN ENTRY--AUTHOR NAME
Personal name PC Tulsian
245 #0 - TITLE STATEMENT
Title Cost Accounting
260 ## - PUBLICATION, DISTRIBUTION, ETC. (IMPRINT)
Place of publication India
Name of publisher McGraw Hill
Year of publication 303
300 ## - PHYSICAL DESCRIPTION
Number of Pages 2004
942 ## - ADDED ENTRY ELEMENTS (KOHA)
Koha item type Books
Holdings
Withdrawn status Lost status Collection code Permanent Location Current Location Shelving location Date acquired Full call number Accession Number Koha item type
      MAJU MAJU   2019-09-14 658.15 5781 Accounting

Powered by Koha